Gli otto paesi che hanno perso più territorio - Statistics

Statistiche generali
  • Questo quiz è stato fatto 129 volte
  • Il punteggio medio è 7 su 8
Statistiche sulle risposte
Percentuale persa Paese % Corretto
95,2% Francia(Impero francese)
95%
99,3% Regno Unito(Impero britannico)
94%
93,5% Italia(Impero romano)
90%
96,3% Spagna(Impero spagnolo)
87%
84,9% Turchia(Impero ottomano)
76%
93,5% Mongolia(Impero mongolo)
74%
99,9989% Città del Vaticano (Stato della Chiesa)
71%
94,9% Giappone(Impero giapponese)
64%
Nessun quiz corrispondente trovato
Distribuzione punteggi
Percentuale di utenti per punteggio
Percentile per numero di risposta
I tuoi punteggi nel tempo
Non hai fatto questo quiz